[Event "FRA-chT"]
[Site "FRA"]
[Date "1996.??.??"]
[Round "?"]
[White "Spiridonov, Nikola"]
[Black "Kallai, Gabor"]
[Result "0-1"]
[WhiteElo "2405"]
[BlackElo "2500"]
[PlyCount "118"]
[EventDate "1996.??.??"]
[Source "ChessBase"]

1. c4 c6 2. Nf3 d5 3. d4 Nf6 4. Qc2 dxc4 5. Qxc4 Bf5 6. g3 e6 7. Bg2 Nbd7 8.
O-O Be7 9. Nbd2 Ne4 10. Qb3 Qb6 11. Nc4 Qa6 12. Nh4 Bxh4 13. Bxe4 Be7 14. Bxf5
exf5 15. Ne5 Nxe5 16. dxe5 O-O 17. Be3 c5 18. Rfd1 Rfd8 19. Rxd8+ Rxd8 20. Rd1
Rxd1+ 21. Qxd1 Qxa2 22. Qd7 Qb1+ 23. Kg2 Qe4+ 24. f3 Qxe3 25. Qxe7 Qxe2+ 26.
Kg1 Qd1+ 27. Kg2 g6 28. Qxb7 Qe2+ 29. Kg1 Qe1+ 30. Kg2 Qxe5 31. b3 a5 32. Qa8+
Kg7 33. Qxa5 Qe2+ 34. Kg1 Qxf3 35. Qxc5 Qxb3 36. Qd4+ f6 37. Qd7+ Qf7 38. Qd4
g5 39. Qc5 Qe6 40. Qc7+ Kg6 41. Qd8 f4 42. Qd3+ Qf5 43. Qd8 fxg3 44. Qe8+ Kh6
45. Qf8+ Kh5 46. Qe8+ Kh4 47. hxg3+ Kxg3 48. Qe3+ Kh4 49. Qe1+ Kh5 50. Qe8+ Qg6
51. Qe2+ Kh6 52. Qh2+ Kg7 53. Qc7+ Qf7 54. Qc5 Qe6 55. Qc7+ Kg6 56. Qg3 h5 57.
Qd3+ Kh6 58. Qg3 Qg4 59. Kh1 Qh4+ 0-1

[Event "FRA-chT"]
[Site "FRA"]
[Date "1996.??.??"]
[Round "?"]
[White "Spiridonov, Nikola"]
[Black "Payen, Arnaud"]
[Result "1-0"]
[WhiteElo "2405"]
[BlackElo "2280"]
[PlyCount "53"]
[EventDate "1996.??.??"]
[Source "ChessBase"]

1. Nf3 d5 2. c4 c6 3. d4 Nf6 4. Qc2 e6 5. g3 Nbd7 6. Bg2 b6 7. O-O Bb7 8. Nbd2
c5 9. dxc5 Bxc5 10. Nb3 Be7 11. cxd5 Bxd5 12. Bf4 Rc8 13. Qd1 O-O 14. Nbd4 Ne4
15. Ne5 Nxe5 16. Bxe5 f6 17. Bf4 e5 18. Nf5 Bc5 19. Be3 Ba8 20. Qa4 Bxe3 21.
Bxe4 Bxe4 22. Qxe4 Bd2 23. Rfd1 Rf7 24. Qg4 Kh8 25. Nd6 Rcc7 26. Nxf7+ Rxf7 27.
Rxd2 1-0

[Event "FRA-chT"]
[Site "FRA"]
[Date "1996.??.??"]
[Round "?"]
[White "Spiridonov, Nikola"]
[Black "Tkachiev, Vladislav"]
[Result "0-1"]
[WhiteElo "2405"]
[BlackElo "2620"]
[PlyCount "56"]
[EventDate "1996.??.??"]
[Source "ChessBase"]

1. c4 g6 2. d4 Bg7 3. Nf3 Nf6 4. Nc3 O-O 5. Bg5 c5 6. d5 h6 7. Bf4 d6 8. h3 Nh5
9. Bh2 b5 10. cxb5 a6 11. e4 Qa5 12. e5 dxe5 13. Bxe5 Nf6 14. Nd2 Nbd7 15. Nc4
Qd8 16. Bf4 axb5 17. Nxb5 Ba6 18. Nc3 Nb6 19. Nxb6 Qxb6 20. Qd2 Bxf1 21. Kxf1
Rfd8 22. Re1 Qb7 23. Re5 e6 24. d6 g5 25. Bg3 Ra6 26. Re1 Ne8 27. Kg1 Nxd6 28.
Bxd6 Raxd6 0-1

[Event "FRA-chT"]
[Site "FRA"]
[Date "1996.??.??"]
[Round "?"]
[White "Spiridonov, Nikola"]
[Black "Wauters, Alain"]
[Result "1-0"]
[WhiteElo "2405"]
[BlackElo "2180"]
[PlyCount "79"]
[EventDate "1996.??.??"]
[Source "ChessBase"]

1. d4 d5 2. Nf3 Nf6 3. c4 c6 4. Qc2 g6 5. Bf4 Bg7 6. e3 O-O 7. Nc3 b6 8. cxd5
Nxd5 9. Be5 Bb7 10. Bc4 Nd7 11. Bxg7 Kxg7 12. Bxd5 cxd5 13. O-O Rc8 14. Qb3 Nb8
15. Rfc1 e6 16. Qa3 a6 17. Qb3 Qd6 18. Ne5 f6 19. Nd3 Nd7 20. Rc2 Rc7 21. Rac1
Rfc8 22. h3 Rc4 23. a3 e5 24. Ne2 Qc7 25. Rc3 b5 26. Qd1 a5 27. b3 Rxc3 28.
Rxc3 Qd6 29. Qc1 Rc6 30. f4 b4 31. axb4 axb4 32. Rxc6 Bxc6 33. dxe5 fxe5 34.
fxe5 Nxe5 35. Nxe5 Qxe5 36. Qxc6 Qe4 37. Qc7+ Kg8 38. Qb8+ Kf7 39. Qf4+ Ke6 40.
Nd4+ 1-0

[Event "FRA-chT"]
[Site "FRA"]
[Date "1996.??.??"]
[Round "?"]
[White "Sulipa, Aleksandar"]
[Black "Komarov, Dimitri"]
[Result "1/2-1/2"]
[WhiteElo "2400"]
[BlackElo "2595"]
[PlyCount "36"]
[EventDate "1996.??.??"]
[Source "ChessBase"]

1. e4 c5 2. Nf3 Nc6 3. d4 cxd4 4. Nxd4 Nf6 5. Nc3 e5 6. Ndb5 d6 7. Bg5 a6 8.
Na3 b5 9. Bxf6 gxf6 10. Nd5 Bg7 11. c3 f5 12. exf5 Bxf5 13. Nc2 Be6 14. g3 O-O
15. Bg2 a5 16. Qh5 f5 17. Nce3 Kh8 18. O-O b4 1/2-1/2

[Event "FRA-chT"]
[Site "FRA"]
[Date "1996.??.??"]
[Round "?"]
[White "Sulipa, Aleksandar"]
[Black "Lepelletier, Benoit"]
[Result "0-1"]
[WhiteElo "2400"]
[BlackElo "2460"]
[PlyCount "54"]
[EventDate "1996.??.??"]
[Source "ChessBase"]

1. e4 c5 2. Nf3 e6 3. d4 cxd4 4. Nxd4 Nf6 5. Nc3 d6 6. g4 Nc6 7. g5 Nd7 8. Be3
Be7 9. h4 a6 10. Qh5 Nxd4 11. Bxd4 O-O 12. O-O-O b5 13. Bd3 Ne5 14. f4 Nxd3+
15. cxd3 b4 16. Ne2 e5 17. Be3 b3 18. a3 f5 19. g6 hxg6 20. Qxg6 fxe4 21. dxe4
exf4 22. Nxf4 Qc7+ 23. Kb1 Qc2+ 24. Ka1 Bf6 25. Nd3 Bb7 26. Bg5 Bxe4 27. Qh5
Bxh1 0-1

[Event "FRA-chT"]
[Site "FRA"]
[Date "1996.??.??"]
[Round "?"]
[White "Sulipa, Aleksandar"]
[Black "Tkachiev, Vladislav"]
[Result "0-1"]
[WhiteElo "2400"]
[BlackElo "2620"]
[PlyCount "76"]
[EventDate "1996.??.??"]
[Source "ChessBase"]

1. e4 g6 2. d4 Bg7 3. c3 d6 4. Nf3 Nf6 5. Bd3 O-O 6. O-O c5 7. h3 Qc7 8. Be3
Rd8 9. Nbd2 e5 10. Re1 h6 11. dxe5 dxe5 12. Qc2 b6 13. a4 Nc6 14. Nc4 Be6 15.
Bf1 Rac8 16. b3 Rd7 17. Rad1 Rcd8 18. Rxd7 Rxd7 19. Bc1 Rd8 20. g3 Qb8 21. Ne3
Qb7 22. Nc4 Qb8 23. Ne3 Na5 24. c4 Nc6 25. Nd5 Kh8 26. Bb2 Ne8 27. Kh2 Nd6 28.
Bd3 Rf8 29. Kg2 Qc8 30. h4 Bg4 31. Nh2 Bh3+ 32. Kg1 Nd4 33. Bxd4 cxd4 34. Qe2
f5 35. h5 fxe4 36. Bxe4 Nxe4 37. Qxe4 Qf5 38. Qxf5 Bxf5 0-1

[Event "FRA-chT"]
[Site "FRA"]
[Date "1996.??.??"]
[Round "?"]
[White "Sulipa, Aleksandar"]
[Black "Vaisser, Anatoli"]
[Result "1/2-1/2"]
[WhiteElo "2400"]
[BlackElo "2565"]
[PlyCount "122"]
[EventDate "1996.??.??"]
[Source "ChessBase"]

1. d4 e6 2. c4 f5 3. g3 Nf6 4. Bg2 d5 5. Nh3 c6 6. Qc2 Bd6 7. O-O O-O 8. Bf4
Be7 9. Nd2 Nh5 10. Bxb8 Rxb8 11. e3 g5 12. f4 g4 13. Nf2 b6 14. Nd3 Nf6 15. b4
Bb7 16. Rab1 Kg7 17. Rfc1 Rc8 18. a4 h5 19. c5 Nd7 20. Qb2 Kh6 21. Rc3 Rh8 22.
Qc2 Qf8 23. Bf1 h4 24. cxb6 axb6 25. a5 b5 26. Nb3 hxg3 27. hxg3 Kg6 28. Bg2
Rh7 29. a6 Ba8 30. Nd2 Nb6 31. Ne5+ Kg7 32. Rcb3 Bd6 33. Nd3 Nc4 34. Nc5 Bxc5
35. bxc5 Nxd2 36. Qxd2 Kf6 37. Kf2 Rh2 38. Rh1 Rxh1 39. Bxh1 Qh6 40. Bg2 Rh8
41. Qa5 Qg7 42. Qb6 Rc8 43. Rb1 Qc7 44. Rh1 Kg7 45. Bf1 Qxb6 46. cxb6 Rb8 47.
b7 Bxb7 48. axb7 Rxb7 49. Bd3 Ra7 50. Rc1 Ra6 51. Ke2 Kf6 52. Kd2 Ke7 53. Bc2
Ra3 54. Rb1 Ra8 55. Rh1 Ra3 56. Rh7+ Kd6 57. Rh6 Ke7 58. Rh7+ Kd6 59. Rh1 Ke7
60. Ke2 Kd6 61. Kd2 Ke7 1/2-1/2

[Event "FRA-chT"]
[Site "FRA"]
[Date "1996.??.??"]
[Round "?"]
[White "Summerscale, Aaron"]
[Black "Benitah, Yohan"]
[Result "1-0"]
[WhiteElo "2500"]
[BlackElo "2265"]
[PlyCount "71"]
[EventDate "1996.??.??"]
[Source "ChessBase"]

1. d4 Nf6 2. Bg5 Ne4 3. Bf4 c5 4. d5 Qb6 5. Bc1 g6 6. f3 Nd6 7. e4 Bg7 8. Nc3
O-O 9. Nge2 f5 10. Ng3 e6 11. a4 c4 12. a5 Qc5 13. Bf4 e5 14. Bg5 Nf7 15. Bd2
f4 16. Nge2 d6 17. Nc1 Na6 18. Qe2 Qc7 19. Qxc4 Qe7 20. Qe2 Nb4 21. Kd1 Bd7 22.
Nb5 Na6 23. Qf2 b6 24. Nxa7 Nc5 25. axb6 Rfb8 26. Ba5 Qe8 27. b4 Nb7 28. Ba6
Nfd8 29. Qe2 Nxa5 30. bxa5 Nb7 31. Nb3 Nxa5 32. Rxa5 Rxb6 33. Nc6 Bxc6 34. dxc6
d5 35. c7 dxe4 36. Qc4+ 1-0

[Event "FRA-chT"]
[Site "FRA"]
[Date "1996.??.??"]
[Round "?"]
[White "Summerscale, Aaron"]
[Black "Eliet, Nicolas"]
[Result "1-0"]
[WhiteElo "2500"]
[BlackElo "2380"]
[PlyCount "57"]
[EventDate "1996.??.??"]
[Source "ChessBase"]

1. d4 e6 2. c4 b6 3. e4 Bb7 4. f3 Bb4+ 5. Bd2 Bxd2+ 6. Qxd2 Qh4+ 7. g3 Qh6 8.
Bd3 Nc6 9. Ne2 Qxd2+ 10. Nxd2 Nge7 11. a3 d5 12. cxd5 exd5 13. e5 a5 14. f4 Ba6
15. Bxa6 Rxa6 16. Nf3 Kd7 17. Rc1 Nd8 18. O-O h6 19. g4 h5 20. h3 g6 21. Kg2
Ne6 22. Ng5 hxg4 23. hxg4 Nxg5 24. fxg5 Rh7 25. Rf6 Ra8 26. Nf4 Rah8 27. Kg3 c6
28. Re1 Rg7 29. Rxf7 1-0

[Event "FRA-chT"]
[Site "FRA"]
[Date "1996.??.??"]
[Round "?"]
[White "Summerscale, Aaron"]
[Black "Szabolcsi, Janos"]
[Result "1-0"]
[WhiteElo "2500"]
[BlackElo "2425"]
[PlyCount "45"]
[EventDate "1996.??.??"]
[Source "ChessBase"]

1. d4 Nf6 2. c4 e5 3. dxe5 Ng4 4. Bf4 Bb4+ 5. Nd2 d6 6. exd6 Qf6 7. Nh3 Nxf2 8.
Kxf2 Bxh3 9. g3 Bxf1 10. Rxf1 Qd4+ 11. Kg2 Bxd6 12. Qb3 Nd7 13. Be3 Qe5 14. c5
Be7 15. Qxf7+ Kd8 16. Bf4 Qxe2+ 17. Rf2 Qd3 18. Re1 Bf6 19. Rfe2 Kc8 20. Re8+
Rxe8 21. Rxe8+ Bd8 22. Qe7 Qd5+ 23. Nf3 1-0

[Event "FRA-chT"]
[Site "FRA"]
[Date "1996.??.??"]
[Round "?"]
[White "Szabolcsi, Janos"]
[Black "Lopez, Jorge"]
[Result "1-0"]
[WhiteElo "2425"]
[BlackElo "2205"]
[PlyCount "43"]
[EventDate "1996.??.??"]
[Source "ChessBase"]

1. d4 Nf6 2. c4 e6 3. Nf3 Bb4+ 4. Nbd2 O-O 5. g3 b6 6. Bg2 Bb7 7. O-O c5 8. a3
Bxd2 9. Qxd2 cxd4 10. Qxd4 d5 11. Ne5 h6 12. Rd1 Qe7 13. Bd2 Rc8 14. Bb4 Qe8
15. Bc3 Qf8 16. Qh4 Ne4 17. Bxe4 dxe4 18. Rd2 f6 19. Rad1 Kh7 20. Nd7 Nxd7 21.
Rxd7 Rd8 22. Bxf6 1-0

[Event "FRA-chT"]
[Site "FRA"]
[Date "1996.??.??"]
[Round "?"]
[White "Szabolcsi, Janos"]
[Black "Yedidia, Jonathan"]
[Result "0-1"]
[WhiteElo "2425"]
[BlackElo "2445"]
[PlyCount "62"]
[EventDate "1996.??.??"]
[Source "ChessBase"]

1. d4 f5 2. g3 Nf6 3. Bg2 d6 4. Nf3 g6 5. c3 Bg7 6. Qb3 e6 7. O-O O-O 8. Nbd2
Nc6 9. Re1 Ne4 10. Nxe4 fxe4 11. Ng5 d5 12. f3 h6 13. Nh3 exf3 14. exf3 e5 15.
dxe5 Bxh3 16. Bxh3 Nxe5 17. Be6+ Kh7 18. Bxd5 c6 19. Be4 Nxf3+ 20. Bxf3 Rxf3
21. Qxb7 Qd6 22. Kg2 Raf8 23. Be3 Rxe3 24. Rxe3 Qd2+ 25. Kh3 Qxe3 26. Qxc6 Rf5
27. Kg2 Rf2+ 28. Kh1 Qe2 29. Kg1 Qe3 30. Kh1 Rxb2 31. Rf1 Qe2 0-1

[Event "FRA-chT"]
[Site "FRA"]
[Date "1996.??.??"]
[Round "?"]
[White "Szylar, Eric"]
[Black "Dubois, Martine"]
[Result "1-0"]
[WhiteElo "2160"]
[BlackElo "2050"]
[PlyCount "47"]
[EventDate "1996.??.??"]
[Source "ChessBase"]

1. e4 Nf6 2. Nc3 d5 3. e5 Ne4 4. Nce2 d4 5. d3 Nc5 6. c3 dxc3 7. Nxc3 Nc6 8.
Be3 Nd4 9. Bxd4 Qxd4 10. Nf3 Qb4 11. d4 Qxb2 12. Rc1 Bf5 13. dxc5 Rd8 14. Nd2
g6 15. f4 Bh6 16. g3 O-O 17. Na4 Qd4 18. Rc4 Qd5 19. Rg1 Rd7 20. Nc3 Qc6 21.
Qf3 Qe6 22. g4 Bc2 23. Nce4 Rfd8 24. Rxc2 1-0

[Event "FRA-chT"]
[Site "FRA"]
[Date "1996.??.??"]
[Round "?"]
[White "Tagnon, Nicole"]
[Black "Cursoux, Laurent"]
[Result "1/2-1/2"]
[WhiteElo "2145"]
[BlackElo "2100"]
[PlyCount "173"]
[EventDate "1996.??.??"]
[Source "ChessBase"]

1. e4 c5 2. Nf3 d6 3. d4 cxd4 4. Nxd4 Nf6 5. Nc3 g6 6. Be3 Bg7 7. f3 O-O 8. Bc4
Nc6 9. Qd2 Bd7 10. h4 h5 11. O-O-O Ne5 12. Bb3 Rc8 13. Bg5 Nc4 14. Qe2 Na5 15.
Kb1 Rxc3 16. bxc3 Qc7 17. Bc1 Qxc3 18. Bb2 Qc5 19. Qd3 Rc8 20. Rhe1 b5 21. Ne2
Nc4 22. Bd4 Qb4 23. Ka1 Qa5 24. Qc3 b4 25. Qd3 Bb5 26. Nc1 Bh6 27. e5 dxe5 28.
Bxe5 Qa6 29. Qd4 Nxe5 30. Qxe5 Bg7 31. Kb1 Bc4 32. Qxe7 Bxb3 33. Nxb3 Qa3 34.
Rd8+ Kh7 35. Nd4 Ng8 36. Qd6 Qc3 37. Rxc8 Qxe1+ 38. Kb2 Qd2 39. Rc4 a5 40. Kb3
Qxg2 41. Rc7 Qg1 42. Kc4 Qf1+ 43. Kc5 Nh6 44. Qf4 Qa1 45. Rd7 Qxa2 46. Qe4 Qb2
47. Kb5 Qc3 48. Qd3 Qa1 49. Nb3 Qe5+ 50. Rd5 Qb8+ 51. Kxa5 Qa8+ 52. Kxb4 Bf8+
53. Kc3 Qc6+ 54. Kd2 Be7 55. Rxh5 Kg7 56. Rd5 Qb6 57. Qd4+ Qxd4+ 58. Rxd4 Nf5
59. Rd7 Bxh4 60. Nc5 Kf6 61. c4 Bg5+ 62. Kd3 Be3 63. Ne4+ Ke6 64. Rd8 Bb6 65.
Rb8 Bg1 66. Rb7 Nd4 67. f4 f5 68. Ng5+ Kd6 69. Nh3 Ne6 70. Rh7 Bc5 71. Rh6 Nf8
72. Ng5 Ke7 73. Rh1 Kd7 74. Re1 Be7 75. Nf3 Kd6 76. Ne5 Bf6 77. Re2 Bg7 78.
Nf7+ Kd7 79. Ng5 Bf6 80. Nf3 Ne6 81. Ke3 Kd6 82. Rg2 Nf8 83. Nd2 Kc5 84. Kd3
Ne6 85. Ke3 g5 86. fxg5 Bxg5+ 87. Rxg5 1/2-1/2

[Event "FRA-chT"]
[Site "FRA"]
[Date "1996.??.??"]
[Round "?"]
[White "Tagnon, Nicole"]
[Black "Sarthou, Gaetan"]
[Result "1/2-1/2"]
[WhiteElo "2145"]
[BlackElo "2270"]
[PlyCount "44"]
[EventDate "1996.??.??"]
[Source "ChessBase"]

1. e4 e5 2. Bc4 Nf6 3. d3 c6 4. Nf3 Be7 5. O-O d6 6. Re1 O-O 7. Bb3 Nbd7 8. c3
Nc5 9. Bc2 Ne6 10. d4 Qc7 11. Nbd2 h6 12. Nf1 Kh7 13. Ng3 g6 14. Qd2 Ng8 15.
Nf5 Bg5 16. Nxg5+ hxg5 17. Qd3 Nf6 18. Qh3+ Kg8 19. Qh6 Ng4 20. Qh3 Nf6 21. Qh6
Ng4 22. Qh3 Nf6 1/2-1/2

[Event "FRA-chT"]
[Site "FRA"]
[Date "1996.??.??"]
[Round "?"]
[White "Tersarkissoff, Jean Jacques"]
[Black "De Sousa, Jose"]
[Result "0-1"]
[WhiteElo "2140"]
[BlackElo "2285"]
[PlyCount "66"]
[EventDate "1996.??.??"]
[Source "ChessBase"]

1. e4 c5 2. d3 e6 3. f4 d5 4. Be2 Nf6 5. e5 Nfd7 6. c3 Nc6 7. d4 Qb6 8. Nf3 f6
9. O-O cxd4 10. cxd4 fxe5 11. fxe5 Ndxe5 12. Nxe5 Nxe5 13. Bh5+ g6 14. Kh1 Nf7
15. Qf3 Nd6 16. Bf4 Be7 17. Bxd6 Qxd6 18. Qf7+ Kd8 19. Be2 Bd7 20. Na3 a6 21.
Rac1 Rc8 22. Rxc8+ Kxc8 23. Qg7 Rf8 24. Rc1+ Kb8 25. Bf3 Bf6 26. Qh6 Bxd4 27.
Rd1 Qf4 28. Qh3 Bc8 29. Nc2 Bxb2 30. Ne1 e5 31. Qxh7 e4 32. g3 Qf6 33. Bg2 Rh8
0-1

[Event "FRA-chT"]
[Site "FRA"]
[Date "1996.??.??"]
[Round "?"]
[White "Touzane, Olivier"]
[Black "Claverie, Christophe"]
[Result "1/2-1/2"]
[WhiteElo "2495"]
[BlackElo "2250"]
[PlyCount "84"]
[EventDate "1996.??.??"]
[Source "ChessBase"]

1. d4 Nf6 2. c4 d6 3. Nf3 g6 4. Nc3 Bg7 5. e4 O-O 6. Be2 c5 7. d5 e5 8. dxe6
Bxe6 9. O-O Nc6 10. Bf4 Qa5 11. Qb3 Nd4 12. Nxd4 cxd4 13. Nb5 Nxe4 14. Nxd6 Nd2
15. Bxd2 Qxd2 16. Bf3 Qf4 17. Nxb7 Rab8 18. Qa3 d3 19. Rae1 Be5 20. Rxe5 Qxe5
21. b3 Bf5 22. Nd6 d2 23. Nxf5 Qxf5 24. Qxa7 Rbd8 25. h3 Rfe8 26. Qb6 Qd3 27.
Rd1 Rd6 28. Qc7 Rde6 29. Bd5 R6e7 30. Qf4 Re1+ 31. Kh2 R8e7 32. Rxd2 Qb1 33. c5
Rh1+ 34. Kg3 Qg1 35. Bxf7+ Rxf7 36. Rd8+ Kg7 37. Qd4+ Kh6 38. Qh4+ Kg7 39. Qd4+
Kh6 40. Qe3+ Kg7 41. Qe5+ Kh6 42. Qe3+ Kg7 1/2-1/2

[Event "FRA-chT"]
[Site "FRA"]
[Date "1996.??.??"]
[Round "?"]
[White "Touzane, Olivier"]
[Black "Conquest, Stuart"]
[Result "0-1"]
[WhiteElo "2495"]
[BlackElo "2585"]
[PlyCount "88"]
[EventDate "1996.??.??"]
[Source "ChessBase"]

1. d4 Nf6 2. c4 e6 3. Nc3 Bb4 4. Qc2 d6 5. a3 Bxc3+ 6. Qxc3 Nbd7 7. Nf3 b6 8.
g3 Bb7 9. Bg2 O-O 10. O-O c5 11. b4 Rc8 12. Bb2 Qe7 13. Qb3 cxd4 14. Bxd4 Rc7
15. Rac1 Rfc8 16. Bb2 h6 17. Nh4 Ba6 18. b5 Bb7 19. Bxb7 Nc5 20. Qe3 Nxb7 21.
Nf3 Na5 22. Nd4 Nxc4 23. Rxc4 Rxc4 24. Nf5 Qd8 25. Bxf6 gxf6 26. Nd4 R8c5 27.
Nc6 Qf8 28. Nxa7 d5 29. Rb1 e5 30. Nc6 Rc3 31. Qd2 Rxa3 32. Qb4 Ra8 33. Qh4 Qg7
34. Rb4 d4 35. Ne7+ Kh8 36. Nf5 Qg5 37. Qe4 Ra1+ 38. Kg2 Qc1 39. Kh3 Ra3 40.
Rxd4 Rc8 41. Rd7 Qf1+ 42. Kh4 Qxf2 43. Rxf7 Qxh2+ 44. Kg4 h5# 0-1

[Event "FRA-chT"]
[Site "FRA"]
[Date "1996.??.??"]
[Round "?"]
[White "Touzane, Olivier"]
[Black "Hauchard, Arnaud"]
[Result "1/2-1/2"]
[WhiteElo "2495"]
[BlackElo "2500"]
[PlyCount "117"]
[EventDate "1996.??.??"]
[Source "ChessBase"]

1. d4 Nf6 2. Nf3 e6 3. g3 b5 4. Bg2 Bb7 5. O-O Be7 6. Re1 c5 7. c3 O-O 8. Bg5
d5 9. a4 bxa4 10. Qxa4 Nbd7 11. Nbd2 h6 12. Bxf6 Bxf6 13. Nb3 Qc7 14. Na5 Rab8
15. b4 cxd4 16. cxd4 Nb6 17. Qb5 Rfc8 18. Rec1 Qxc1+ 19. Rxc1 Rxc1+ 20. Bf1 Rc7
21. Nxb7 Rcxb7 22. e3 Nc4 23. Qa6 Rxb4 24. Qxa7 R4b7 25. Qa6 Rb6 26. Qa7 Rb1
27. Kg2 R1b7 28. Qa6 Rc7 29. g4 Be7 30. h4 g6 31. Bd3 Kg7 32. h5 gxh5 33. gxh5
Rb2 34. e4 Rb3 35. Bxc4 dxc4 36. d5 exd5 37. Nd4 Bg5 38. Nxb3 cxb3 39. Qb6 Rd7
40. Qb5 Rd8 41. exd5 Kf6 42. Qxb3 Ke5 43. Qc3+ Kxd5 44. f4 Bf6 45. Qb3+ Ke4 46.
Qxf7 Rd6 47. Kg3 Bd4 48. Qb7+ Kd3 49. Qb3+ Ke4 50. Kg4 Be3 51. Qc2+ Kd5 52.
Qf5+ Kc4 53. Qe5 Bc5 54. f5 Rd4+ 55. Kf3 Rd3+ 56. Kg2 Rd2+ 57. Kf3 Rd3+ 58. Kg2
Rd2+ 59. Kf3 1/2-1/2

[Event "FRA-chT"]
[Site "FRA"]
[Date "1996.??.??"]
[Round "?"]
[White "Touzane, Olivier"]
[Black "Laclau, Daniel"]
[Result "1-0"]
[WhiteElo "2495"]
[BlackElo "2310"]
[PlyCount "68"]
[EventDate "1996.??.??"]
[Source "ChessBase"]

1. d4 d5 2. c4 e6 3. Nc3 c6 4. e4 dxe4 5. Nxe4 Bb4+ 6. Bd2 Qxd4 7. Bxb4 Qxe4+
8. Be2 Nd7 9. Nf3 c5 10. Bc3 Ngf6 11. Qd6 a5 12. Nd2 Qg6 13. O-O Ra6 14. Qc7
Rc6 15. Qxa5 e5 16. Bf3 b6 17. Qa7 Re6 18. Bd5 Re7 19. Bc6 O-O 20. Rae1 Nh5 21.
Be4 f5 22. Bd5+ Kh8 23. f4 e4 24. Qc7 Rfe8 25. Qc6 Nhf6 26. Re3 Nxd5 27. Qxg6
hxg6 28. cxd5 Nf6 29. d6 Ra7 30. a3 Re6 31. Be5 Nd7 32. Rd1 Ba6 33. Nb1 Kg8 34.
Nc3 Bd3 1-0

[Event "FRA-chT"]
[Site "FRA"]
[Date "1996.??.??"]
[Round "?"]
[White "Touzane, Olivier"]
[Black "Szabolcsi, Janos"]
[Result "1/2-1/2"]
[WhiteElo "2495"]
[BlackElo "2425"]
[PlyCount "38"]
[EventDate "1996.??.??"]
[Source "ChessBase"]

1. Nf3 f5 2. d4 Nf6 3. g3 g6 4. Bg2 Bg7 5. O-O O-O 6. c4 c6 7. Nc3 Ne4 8. Qc2
d5 9. Bf4 Be6 10. Be5 Bh6 11. Bf4 Bxf4 12. gxf4 dxc4 13. Nxe4 fxe4 14. Ng5 Bd5
15. e3 Nd7 16. Bxe4 Nf6 17. Bxg6 hxg6 18. Qxg6+ Kh8 19. Qh6+ Kg8 1/2-1/2

[Event "FRA-chT"]
[Site "FRA"]
[Date "1996.??.??"]
[Round "?"]
[White "Touzane, Olivier"]
[Black "Vareille, Francois"]
[Result "1-0"]
[WhiteElo "2495"]
[BlackElo "2400"]
[PlyCount "57"]
[EventDate "1996.??.??"]
[Source "ChessBase"]

1. d4 e6 2. Nf3 d5 3. c4 Nf6 4. Nc3 Bb4 5. Bg5 Nbd7 6. cxd5 exd5 7. e3 O-O 8.
Bd3 c5 9. O-O c4 10. Nxd5 Qa5 11. Nxb4 Qxb4 12. Be2 Ne4 13. Qc2 Re8 14. Bxc4
Nb6 15. Bd3 Bf5 16. a3 Qd6 17. Bf4 Qd5 18. Ne1 Rac8 19. Qd1 g5 20. f3 gxf4 21.
fxe4 Bxe4 22. Rxf4 Bg6 23. Rf3 Nc4 24. Bxc4 Qxc4 25. Rg3 b6 26. h4 Kh8 27. h5
Be4 28. Qg4 Rg8 29. Qxe4 1-0

[Event "FRA-chT"]
[Site "FRA"]
[Date "1996.??.??"]
[Round "?"]
[White "Touzane, Olivier"]
[Black "Verdier, Patrice"]
[Result "1-0"]
[WhiteElo "2495"]
[BlackElo "2280"]
[PlyCount "75"]
[EventDate "1996.??.??"]
[Source "ChessBase"]

1. d4 Nf6 2. c4 c5 3. d5 b5 4. cxb5 a6 5. Nc3 axb5 6. e4 b4 7. Nb5 d6 8. Bf4 g5
9. Bxg5 Nxe4 10. Bf4 Qa5 11. Bc4 Bg7 12. Qe2 f5 13. f3 b3+ 14. Kf1 Qxa2 15.
Rxa2 bxa2 16. Bxa2 Rxa2 17. fxe4 fxe4 18. Nc7+ Kd8 19. Ne6+ Bxe6 20. dxe6 Rxb2
21. Qxe4 Rb4 22. Qf3 Rb1+ 23. Kf2 Kc7 24. g3 Nc6 25. Ne2 Rb2 26. Qa3 Rhb8 27.
Rc1 R8b5 28. Kf1 Ra5 29. Qe3 Kb6 30. Bxd6 exd6 31. e7 Nxe7 32. Qxe7 Be5 33.
Qd8+ Ka6 34. Qc8+ Kb6 35. Nf4 Raa2 36. Nd3 Rxh2 37. Rb1+ Bb2 38. Rxb2+ 1-0

[Event "FRA-chT"]
[Site "FRA"]
[Date "1996.??.??"]
[Round "?"]
[White "Triger, Franck"]
[Black "Anic, Darko"]
[Result "0-1"]
[WhiteElo "2220"]
[BlackElo "2455"]
[PlyCount "50"]
[EventDate "1996.??.??"]
[Source "ChessBase"]

1. e4 c6 2. d4 d5 3. e5 Bf5 4. Nf3 e6 5. Be2 Nd7 6. O-O Ne7 7. Nbd2 Ng6 8. Re1
Be7 9. Nf1 Nh4 10. g3 Nxf3+ 11. Bxf3 Qa5 12. Ne3 Bg6 13. h4 h6 14. c3 c5 15.
dxc5 Qxc5 16. Ng2 Qc7 17. Nf4 Nxe5 18. Bxd5 O-O-O 19. Qe2 exd5 20. Qxe5 Bd6 21.
Qd4 Bc5 22. Qe5 Qxe5 23. Rxe5 Be4 24. Nxd5 Bxd5 25. c4 Bc6 0-1

[Event "FRA-chT"]
[Site "FRA"]
[Date "1996.??.??"]
[Round "?"]
[White "Triger, Franck"]
[Black "Degraeve, Jean Marc"]
[Result "0-1"]
[WhiteElo "2220"]
[BlackElo "2515"]
[PlyCount "66"]
[EventDate "1996.??.??"]
[Source "ChessBase"]

1. e4 c5 2. c3 Nf6 3. e5 Nd5 4. d4 cxd4 5. cxd4 e6 6. Nf3 d6 7. a3 Bd7 8. Bd3
Bc6 9. O-O Nd7 10. Qe2 Be7 11. b4 a6 12. Bd2 N7b6 13. Nc3 Nxc3 14. Bxc3 d5 15.
Bd2 h6 16. Rfc1 Qd7 17. Be3 Bb5 18. Nd2 O-O 19. Bxb5 axb5 20. Qg4 Kh7 21. Qh3
Rfc8 22. Rcb1 Rc3 23. Qh5 Bf8 24. Nb3 Nc4 25. Bc1 Bxb4 26. axb4 Rxb3 27. Rxa8
Rxb1 28. Qd1 g6 29. h3 Qc6 30. Qf3 Rxc1+ 31. Kh2 f5 32. exf6 Nd2 33. Qe3 Nf1+
0-1

[Event "FRA-chT"]
[Site "FRA"]
[Date "1996.??.??"]
[Round "?"]
[White "Triger, Franck"]
[Black "Harovelo, Ingmar"]
[Result "1/2-1/2"]
[WhiteElo "2220"]
[BlackElo "2240"]
[PlyCount "147"]
[EventDate "1996.??.??"]
[Source "ChessBase"]

1. e4 c5 2. c3 Nf6 3. e5 Nd5 4. d4 cxd4 5. cxd4 e6 6. Nf3 b6 7. Nc3 Nxc3 8.
bxc3 Qc7 9. Bd2 d6 10. Bd3 Nd7 11. Ng5 Bb7 12. exd6 Bxd6 13. Ne4 Bf4 14. Bxf4
Qxf4 15. Qd2 Qc7 16. O-O Rc8 17. Rac1 O-O 18. c4 Rfd8 19. Qe3 Nf8 20. Rfd1 Qd7
21. Bb1 Qc6 22. Qg3 Qc7 23. Qh3 h6 24. Qe3 Ng6 25. c5 Bxe4 26. Bxe4 Nf4 27. g3
Nh3+ 28. Kg2 Ng5 29. cxb6 Qxb6 30. Rxc8 Rxc8 31. h4 Nxe4 32. Qxe4 Qb4 33. Qf3
Qa4 34. Rd2 Rd8 35. Qb3 Rxd4 36. Rxd4 Qxd4 37. Qb8+ Kh7 38. Qb1+ g6 39. Qc2 Kg7
40. Kh2 a5 41. Kg2 a4 42. a3 g5 43. hxg5 hxg5 44. Qc7 Qd3 45. Qe7 Kg6 46. g4
Qd4 47. f3 Qd2+ 48. Kg3 Qe1+ 49. Kg2 Qe2+ 50. Kg3 Qc4 51. Kf2 Qd4+ 52. Kg2 e5
53. Kf1 e4 54. Qf8 Qd3+ 55. Kg1 Qe3+ 56. Kh2 Qf2+ 57. Kh3 Qxf3+ 58. Kh2 Qxg4
59. Qg8+ Kf6 60. Qh8+ Kf5 61. Qc8+ Kf4 62. Qc1+ Ke5 63. Qc3+ Kd6 64. Qb4+ Ke6
65. Qf8 Qf4+ 66. Kh1 e3 67. Qc8+ Kf6 68. Qc6+ Kg7 69. Qc3+ f6 70. Qd3 Qf3+ 71.
Kh2 Qf2+ 72. Kh1 e2 73. Qg6+ Kf8 74. Qf7+ 1/2-1/2

[Event "FRA-chT"]
[Site "FRA"]
[Date "1996.??.??"]
[Round "?"]
[White "Triger, Franck"]
[Black "Michalet, Guy"]
[Result "0-1"]
[WhiteElo "2220"]
[BlackElo "2240"]
[PlyCount "124"]
[EventDate "1996.??.??"]
[Source "ChessBase"]

1. e4 c6 2. d4 d5 3. e5 c5 4. Nf3 cxd4 5. Nxd4 Nc6 6. Nxc6 bxc6 7. Be3 e6 8. c3
Bd7 9. Bd3 Qb8 10. f4 Qxb2 11. O-O Qxa1 12. Qb3 Nh6 13. Nd2 Qxf1+ 14. Nxf1 c5
15. Qb7 Rd8 16. c4 Be7 17. Bd2 Rc8 18. Ne3 d4 19. Nd1 Bd8 20. Be4 Rc7 21. Qb1
O-O 22. Qb8 Nf5 23. Ba5 Rc8 24. Qxa7 Bxa5 25. Qxa5 Bc6 26. Bxc6 Rxc6 27. g4 Ne3
28. Nxe3 dxe3 29. Qc3 Ra8 30. Qxe3 Rxa2 31. Qb3 Ra8 32. Qb5 Rcc8 33. Qb3 Rcb8
34. Qc3 Ra2 35. Qd3 Rab2 36. Qd1 Ra8 37. Qe1 h6 38. g5 hxg5 39. fxg5 Rc2 40.
Qd1 Raa2 41. Qd8+ Kh7 42. g6+ Kxg6 43. Qd3+ Kg5 44. Qe3+ Kf5 45. Qf3+ Kxe5 46.
Qg3+ Ke4 47. Qg4+ Kd3 48. Qf3+ Kd4 49. Qf4+ Kc3 50. Qf3+ Kxc4 51. Qe4+ Kc3 52.
Qe3+ Kb4 53. Qe4+ c4 54. Qb7+ Kc5 55. Qc7+ Kd5 56. Qd8+ Ke5 57. Qg5+ f5 58.
Qg3+ Ke4 59. Qh4+ f4 60. Qh7+ Ke3 61. Qh3+ Kd4 62. Qf1 Rg2+ 0-1